[Event "Hossegor op 25th"]
[Site "Hossegor"]
[Date "2018.05.19"]
[Round "1"]
[White "Kirk, Ezra"]
[Black "Dubertrand, Bernard"]
[Result "1-0"]
[WhiteElo "2420"]
[BlackElo "1562"]
[PlyCount "54"]
[EventDate "2018.05.19"]
[EventType "swiss"]
[EventRounds "7"]
[EventCountry "FRA"]
[SourceTitle "CBM 184 Extra"]
[Source "ChessBase"]
[SourceDate "2018.06.28"]
[SourceVersion "1"]
[SourceVersionDate "2018.06.28"]
[SourceQuality "1"]

1. d4 d5 2. c4 dxc4 3. e3 e6 4. Bxc4 Nc6 5. Nf3 Bd6 6. e4 e5 7. dxe5 Bxe5 8. Bxf7+ Kxf7 9. Nxe5+ Ke6 10. Nd3 Nf6 11. 0-0 Re8 12. Qb3+ Ke7 13. e5 Ne4 14. Nc3 Nd4 15. Qa3+ Kf7 16. Nxe4 Bf5 17. Ng3 Be6 18. Nc5 Bd5 19. Qd3 Bc6 20. Qc4+ Kf8 21. Be3 b6 22. Bxd4 Bd5 23. Qd3 bxc5 24. Bc3 Kg8 25. Nf5 Qd7 26. Nxg7 Qf7 27. e6 Bxe6 1-0

[Event "Hourtin Vins du Medoc op 2nd"]
[Site "Hourtin"]
[Date "2016.07.07"]
[Round "7"]
[White "Dubertrand, Bernard"]
[Black "Lagunes, Robin"]
[Result "0-1"]
[WhiteElo "1583"]
[BlackElo "1814"]
[PlyCount "86"]
[EventDate "2016.07.02"]
[EventType "swiss"]
[EventRounds "9"]
[EventCountry "FRA"]
[SourceTitle "EXT 2019"]
[Source "ChessBase"]
[SourceDate "2018.10.10"]
[SourceVersion "1"]
[SourceVersionDate "2018.10.10"]
[SourceQuality "1"]

1. e4 d6 2. Nf3 Nf6 3. Nc3 c5 4. Be2 Nc6 5. d4 cxd4 6. Nxd4 g6 7. h3 Bg7 8. Nf3 0-0 9. 0-0 a6 10. Be3 b5 11. a3 Bb7 12. Bd3 e6 13. Ne2 Qc7 14. c3 d5 15. exd5 Nxd5 16. Bg5 h6 17. Bd2 e5 18. Qc1 Kh7 19. Be4 Nb6 20. b3 f5 21. Bc2 Rac8 22. Rd1 Ne7 23. Ne1 Nbd5 24. a4 e4 25. Nd4 Nxc3 26. Ne6 Ne2+ 27. Kf1 Nxc1 28. Nxc7 Bxa1 29. Rxc1 Rxc7 30. Rxa1 Nd5 31. axb5 axb5 32. Bd1 Ra8 33. Rxa8 Bxa8 34. Nc2 Nc3 35. Ke1 Nxd1 36. Kxd1 Rd7 37. Ke2 Rd3 38. b4 Bd5 39. f3 Bc4 40. Ne3 Rb3+ 41. Ke1 exf3 42. gxf3 f4 43. Nxc4 bxc4 0-1

[Event "Saint Affrique op 22nd"]
[Site "Saint Affrique"]
[Date "2014.07.25"]
[Round "8.53"]
[White "Achard Rozan, Celian"]
[Black "Dubertrand, Bernard"]
[Result "0-1"]
[WhiteElo "1330"]
[BlackElo "1647"]
[PlyCount "64"]
[EventDate "2014.07.19"]
[EventType "swiss"]
[EventRounds "9"]
[EventCountry "FRA"]
[SourceTitle "CBM 161 Extra"]
[Source "ChessBase"]
[SourceDate "2014.08.29"]
[SourceVersion "1"]
[SourceVersionDate "2014.08.29"]
[SourceQuality "1"]

1. e4 e5 2. Nf3 Nc6 3. d4 exd4 4. Nxd4 Ne5 5. f4 Ng6 6. Nc3 c6 7. Be3 Bb4 8. Qd2 Nf6 9. Bd3 Ng4 10. Nde2 Qh4+ 11. g3 Qh5 12. 0-0-0 Qa5 13. h3 Nxe3 14. Qxe3 d6 15. a3 Bc5 16. Qd2 Ne7 17. Bc4 b5 18. Bb3 Qb6 19. Nd4 Qa6 20. Na2 Qb6 21. Qc3 a5 22. Nf5 Nxf5 23. exf5 0-0 24. a4 Bxf5 25. g4 Be4 26. Rhe1 d5 27. h4 Bf2 28. Re2 d4 29. Qh3 Be3+ 30. Kb1 c5 31. Nc1 Rab8 32. Nd3 c4 0-1

[Event "Saint Affrique op 22nd"]
[Site "Saint Affrique"]
[Date "2014.07.22"]
[Round "5"]
[White "Dubertrand, Bernard"]
[Black "Combes, Angelino"]
[Result "1-0"]
[WhiteElo "1647"]
[BlackElo "1318"]
[PlyCount "79"]
[EventDate "2014.07.19"]
[EventType "swiss"]
[EventRounds "9"]
[EventCountry "FRA"]
[SourceTitle "CBM 161 Extra"]
[Source "ChessBase"]
[SourceDate "2014.08.29"]
[SourceVersion "1"]
[SourceVersionDate "2014.08.29"]
[SourceQuality "1"]

1. e4 e5 2. Nf3 d6 3. Bc4 Nf6 4. Ng5 Be6 5. Bxe6 fxe6 6. Nxe6 Qe7 7. Nxf8 Rxf8 8. d3 Nc6 9. Nc3 0-0-0 10. Bg5 Nd4 11. Nd5 Qf7 12. Nxf6 gxf6 13. Be3 Rg8 14. g3 Qd7 15. c3 Nc6 16. h4 Qg4 17. b4 Qxd1+ 18. Kxd1 d5 19. exd5 Rxd5 20. Ke2 Rgd8 21. Rhd1 f5 22. Bg5 Re8 23. a4 e4 24. d4 Ne7 25. c4 Rd7 26. b5 b6 27. a5 Kb7 28. axb6 cxb6 29. c5 Kc8 30. c6 Rc7 31. Bf4 Nd5 32. Bxc7 Nc3+ 33. Ke1 e3 34. Rd3 exf2+ 35. Kxf2 Ne4+ 36. Kf3 Kxc7 37. Rxa7+ Kd6 38. Rd7+ Ke6 39. Kf4 Nf6 40. d5+ 1-0

[Event "Saint Affrique op 22nd"]
[Site "Saint Affrique"]
[Date "2014.07.21"]
[Round "3"]
[White "Dubertrand, Bernard"]
[Black "Julian, Stephane"]
[Result "1/2-1/2"]
[WhiteElo "1647"]
[BlackElo "2050"]
[PlyCount "81"]
[EventDate "2014.07.19"]
[EventType "swiss"]
[EventRounds "9"]
[EventCountry "FRA"]
[SourceTitle "CBM 161 Extra"]
[Source "ChessBase"]
[SourceDate "2014.08.29"]
[SourceVersion "1"]
[SourceVersionDate "2014.08.29"]
[SourceQuality "1"]

1. e4 c5 2. Nf3 d6 3. d4 cxd4 4. Nxd4 Nf6 5. Nc3 a6 6. Be2 e5 7. Nf5 Bxf5 8. exf5 d5 9. Bg5 d4 10. Ne4 Be7 11. Nxf6+ Bxf6 12. Bxf6 Qxf6 13. Qd3 0-0 14. Bf3 Nc6 15. a3 Rac8 16. 0-0 Rc7 17. Be4 Ne7 18. Rac1 Kh8 19. Rfd1 g6 20. fxg6 fxg6 21. Qf3 Qxf3 22. Bxf3 Nf5 23. Rd3 Kg7 24. g3 Rfc8 25. c3 b6 26. Bd5 dxc3 27. Rcxc3 Rxc3 28. bxc3 Rc7 29. f3 Kf6 30. Kf2 Ke7 31. Bg8 h6 32. g4 Nd6 33. a4 e4 34. Re3 Kf8 35. Bb3 exf3 36. Rxf3+ Kg7 37. Re3 Rxc3 38. Rxc3 Ne4+ 39. Ke3 Nxc3 40. Kd3 Nb1 41. Kc2 1/2-1/2

[Event "Saint Affrique op 22nd"]
[Site "Saint Affrique"]
[Date "2014.07.21"]
[Round "4"]
[White "Herry, Serwan"]
[Black "Dubertrand, Bernard"]
[Result "1-0"]
[WhiteElo "1936"]
[BlackElo "1647"]
[PlyCount "69"]
[EventDate "2014.07.19"]
[EventType "swiss"]
[EventRounds "9"]
[EventCountry "FRA"]
[SourceTitle "CBM 161 Extra"]
[Source "ChessBase"]
[SourceDate "2014.08.29"]
[SourceVersion "1"]
[SourceVersionDate "2014.08.29"]
[SourceQuality "1"]

1. b3 e5 2. Bb2 Nc6 3. e3 Nf6 4. Bb5 d6 5. Ne2 Be7 6. f4 exf4 7. Nxf4 Bg4 8. Qc1 0-0 9. 0-0 Ne5 10. h3 c6 11. Be2 Bxe2 12. Nxe2 Nh5 13. Nbc3 Qd7 14. Qe1 d5 15. Nd4 f5 16. Nce2 c5 17. Nf3 Ng6 18. Ne5 Nxe5 19. Bxe5 Nf6 20. d3 Qe6 21. d4 Ne4 22. Nf4 Qf7 23. Nd3 b6 24. Kh2 Rad8 25. g4 Qe6 26. Nf4 Qc6 27. gxf5 Rxf5 28. Nxd5 Rxd5 29. Rxf5 cxd4 30. exd4 Qxc2+ 31. Kg1 Ng5 32. Qf1 Ne6 33. Rc1 Qe4 34. Qf3 Rxe5 35. Rc8+ 1-0

[Event "Ambes op 3rd"]
[Site "Ambes"]
[Date "2010.04.28"]
[Round "5"]
[White "Laric, Emilie"]
[Black "Dubertrand, Bernard"]
[Result "1-0"]
[WhiteElo "1533"]
[BlackElo "1647"]
[PlyCount "141"]
[EventDate "2010.04.24"]
[EventType "swiss"]
[EventRounds "9"]
[EventCountry "FRA"]
[SourceTitle "EXT 2011"]
[Source "ChessBase"]
[SourceDate "2010.11.26"]
[SourceVersion "1"]
[SourceVersionDate "2010.11.26"]
[SourceQuality "1"]

1. d4 e5 2. d5 e4 3. e3 f5 4. Nc3 Nf6 5. Bc4 Bb4 6. Nge2 d6 7. 0-0 Nbd7 8. Nd4 Ne5 9. Bb5+ Bd7 10. Bxd7+ Qxd7 11. Ne6 c6 12. Nf4 Bxc3 13. bxc3 g5 14. dxc6 bxc6 15. Ne2 Rb8 16. Ba3 Ke7 17. Qd4 Rb5 18. c4 c5 19. Qc3 Rb7 20. Rad1 Qa4 21. Bxc5 Nxc4 22. Bxd6+ Ke6 23. Bc5 Rc8 24. Bd4 Nd5 25. Qe1 Qxc2 26. Rc1 Qxa2 27. Nc3 Qa5 28. Nxd5 Qxe1 29. Rfxe1 Kxd5 30. Ra1 a5 31. Red1 Ke6 32. f3 exf3 33. gxf3 Ra8 34. Ra4 Rb5 35. Rxc4 a4 36. Ra1 a3 37. Ra2 Rb3 38. Rc3 Rb2 39. Raxa3 Rxa3 40. Rxa3 Rc2 41. Ra7 h5 42. Rh7 Rc1+ 43. Kg2 Rc2+ 44. Kh3 g4+ 45. fxg4 hxg4+ 46. Kg3 Ra2 47. Rh6+ Kd5 48. Rh8 Ke4 49. Re8+ Kd3 50. Re5 f4+ 51. Kxf4 Rxh2 52. Kxg4 Rf2 53. Rf5 Re2 54. Kf4 Ra2 55. Rd5 Rf2+ 56. Ke5 Rh2 57. Bb6+ Kc4 58. Rc5+ Kd3 59. Rd5+ Kc4 60. Rd4+ Kb5 61. Bc7 Kc6 62. Bd6 Rh5+ 63. Ke6 Rh6+ 64. Ke7 Rh7+ 65. Kf8 Rh8+ 66. Kg7 Rd8 67. Kf6 Rxd6+ 68. Rxd6+ Kxd6 69. e4 Kd7 70. e5 Kd8 71. Kf7 1-0

[Event "Ambes op 3rd"]
[Site "Ambes"]
[Date "2010.04.26"]
[Round "3"]
[White "Trolonge, Remi"]
[Black "Dubertrand, Bernard"]
[Result "1-0"]
[WhiteElo "1686"]
[BlackElo "1647"]
[PlyCount "87"]
[EventDate "2010.04.24"]
[EventType "swiss"]
[EventRounds "9"]
[EventCountry "FRA"]
[SourceTitle "EXT 2011"]
[Source "ChessBase"]
[SourceDate "2010.11.26"]
[SourceVersion "1"]
[SourceVersionDate "2010.11.26"]
[SourceQuality "1"]

1. d4 e5 2. dxe5 Nc6 3. Nf3 Qe7 4. Bf4 Qb4+ 5. Bd2 Qxb2 6. Nc3 Nb4 7. Rc1 Nxa2 8. Nxa2 Qxa2 9. e3 Bc5 10. Bd3 Ne7 11. 0-0 Qa4 12. Qe2 0-0 13. e4 a6 14. Bc4 Qc6 15. Rfd1 b5 16. Bb3 a5 17. Bg5 Qb6 18. Rb1 c6 19. Ne1 Ng6 20. Nd3 Bd4 21. Qh5 c5 22. Bd2 Qa7 23. Bd5 Rb8 24. c3 c4 25. cxd4 cxd3 26. Be3 b4 27. Rxd3 a4 28. Qd1 Ba6 29. Rd2 Ne7 30. Qxa4 Nxd5 31. exd5 Qb7 32. Qb3 Rfc8 33. Rdb2 Rc4 34. d6 Qc6 35. Ra1 Bb7 36. f3 Rc3 37. Qxb4 Rxe3 38. Qxb7 Qxb7 39. Rxb7 Rd8 40. Rxd7 Rb8 41. Rd1 f6 42. Kf2 Rbb3 43. Rc7 Kf8 44. Rcc1 1-0

[Event "Ambes op 3rd"]
[Site "Ambes"]
[Date "2010.04.25"]
[Round "2"]
[White "Dubertrand, Bernard"]
[Black "Scheid, Gilles"]
[Result "0-1"]
[WhiteElo "1647"]
[BlackElo "1760"]
[PlyCount "36"]
[EventDate "2010.04.24"]
[EventType "swiss"]
[EventRounds "9"]
[EventCountry "FRA"]
[SourceTitle "EXT 2011"]
[Source "ChessBase"]
[SourceDate "2010.11.26"]
[SourceVersion "1"]
[SourceVersionDate "2010.11.26"]
[SourceQuality "1"]

1. e4 e5 2. Nf3 d6 3. Bc4 Be7 4. 0-0 Nf6 5. d3 0-0 6. c3 c6 7. Be3 Bg4 8. Nbd2 d5 9. Bb3 Nbd7 10. h3 Bh5 11. g4 Bg6 12. Bc2 h5 13. g5 Nh7 14. h4 f6 15. d4 fxg5 16. dxe5 g4 17. e6 gxf3 18. exd7 Qxd7 0-1

[Event "Condom op-B"]
[Site "Condom"]
[Date "2009.07.15"]
[Round "6"]
[White "Dubertrand, Bernard"]
[Black "Bertrand, Marin"]
[Result "1-0"]
[WhiteElo "1626"]
[BlackElo "1440"]
[PlyCount "77"]
[EventDate "2009.07.11"]
[EventType "swiss"]
[EventRounds "9"]
[EventCountry "FRA"]
[SourceTitle "CBM 131 Extra"]
[Source "ChessBase"]
[SourceDate "2009.09.03"]
[SourceVersion "2"]
[SourceVersionDate "2009.09.16"]
[SourceQuality "1"]

1. e4 e5 2. Nf3 Nc6 3. Bc4 Bc5 4. 0-0 d6 5. c3 Qe7 6. d3 Nf6 7. Bg5 h6 8. Bh4 g5 9. Bg3 Bg4 10. Qb3 0-0-0 11. Nbd2 Rh7 12. Qa4 Bxf3 13. Nxf3 g4 14. Nh4 Nh5 15. Nf5 Qd7 16. Bh4 Rg8 17. b4 Bb6 18. b5 Nd8 19. Ne7+ Kb8 20. Nxg8 Ne6 21. Qd1 Rg7 22. Ne7 f6 23. Nf5 Rg8 24. Nxh6 Rg6 25. Nf5 Qh7 26. Bxe6 Nf4 27. Bc4 Qd7 28. a4 d5 29. Bb3 Ba5 30. c4 d4 31. c5 Bc3 32. Ra2 b6 33. cxb6 cxb6 34. Qc1 Ka8 35. Qa3 Kb8 36. Qf8+ Kc7 37. Bxf6 Kb7 38. Bxe5 Ne6 39. Qb8# 1-0

[Event "Ambes op 2nd"]
[Site "Ambes"]
[Date "2009.04.19"]
[Round "9"]
[White "Audinette, Floriant"]
[Black "Dubertrand, Bernard"]
[Result "0-1"]
[WhiteElo "1750"]
[BlackElo "1651"]
[PlyCount "64"]
[EventDate "2009.04.11"]
[EventType "swiss"]
[EventRounds "9"]
[EventCountry "FRA"]
[SourceTitle "EXT 2012"]
[Source "ChessBase"]
[SourceDate "2011.11.24"]
[SourceVersion "1"]
[SourceVersionDate "2011.11.24"]
[SourceQuality "1"]

1. e4 e5 2. Nf3 Nc6 3. Bb5 Nf6 4. 0-0 d6 5. Nc3 Bg4 6. d3 Be7 7. h3 Bh5 8. Be3 0-0 9. Bxc6 bxc6 10. d4 exd4 11. Bxd4 Nd7 12. Re1 c5 13. Be3 Ne5 14. g4 Nxg4 15. hxg4 Bxg4 16. Kf1 Bh4 17. Ke2 c6 18. Rg1 Qf6 19. Rxg4 Bxf2 20. Bxf2 Rab8 21. Rb1 Rfe8 22. Kd2 Rb4 23. Kc1 Qh6+ 24. Qd2 Qh1+ 25. Qd1 Qh6+ 26. Nd2 Reb8 27. Rxg7+ Kxg7 28. Qg1+ Kf8 29. Be3 Qh3 30. e5 Rg4 31. Qf1 Qxe3 32. Qd3 Qxe5 0-1

[Event "Ambes op 2nd"]
[Site "Ambes"]
[Date "2009.04.17"]
[Round "7"]
[White "Kontzler, Jean Marc"]
[Black "Dubertrand, Bernard"]
[Result "0-1"]
[WhiteElo "1490"]
[BlackElo "1651"]
[PlyCount "70"]
[EventDate "2009.04.11"]
[EventType "swiss"]
[EventRounds "9"]
[EventCountry "FRA"]
[SourceTitle "EXT 2012"]
[Source "ChessBase"]
[SourceDate "2011.11.24"]
[SourceVersion "1"]
[SourceVersionDate "2011.11.24"]
[SourceQuality "1"]

1. e4 e5 2. f4 exf4 3. Nf3 g5 4. Bc4 Nc6 5. d4 d6 6. 0-0 Bg4 7. Nc3 Bg7 8. Ne2 Qe7 9. c3 0-0-0 10. Bd5 Nb8 11. Qb3 c6 12. Bxf7 h6 13. Bg6 Nd7 14. Rf2 Rf8 15. Bd2 Rf6 16. Bf5 Bxf5 17. exf5 Rxf5 18. Re1 Qf6 19. c4 g4 20. Bc3 gxf3 21. d5 Qf7 22. Rxf3 Ne5 23. Rff1 f3 24. Bd4 fxe2 25. Rxf5 Qxf5 26. dxc6 Ne7 27. Qxb7+ Kd8 28. c7+ Ke8 29. Bf2 Rf8 30. Rxe2 Kf7 31. Qxa7 Kg8 32. Qe3 Nc8 33. b3 Ng4 34. Qd2 Nxf2 35. Rxf2 Qb1+ 0-1

[Event "Ambes op 2nd"]
[Site "Ambes"]
[Date "2009.04.14"]
[Round "4"]
[White "Dubertrand, Bernard"]
[Black "Laric, Emilie"]
[Result "0-1"]
[WhiteElo "1651"]
[BlackElo "1540"]
[PlyCount "106"]
[EventDate "2009.04.11"]
[EventType "swiss"]
[EventRounds "9"]
[EventCountry "FRA"]
[SourceTitle "EXT 2012"]
[Source "ChessBase"]
[SourceDate "2011.11.24"]
[SourceVersion "1"]
[SourceVersionDate "2011.11.24"]
[SourceQuality "1"]

1. e4 e5 2. Nf3 Nc6 3. Bc4 Nf6 4. Ng5 d5 5. exd5 Na5 6. Bb5+ c6 7. dxc6 bxc6 8. Ba4 h6 9. Nf3 e4 10. Ne5 Qd5 11. f4 exf3 12. Nxf3 Qe4+ 13. Qe2 Qxe2+ 14. Kxe2 Ba6+ 15. d3 Bd6 16. Bd2 Nb7 17. Bxc6+ Kf8 18. c4 Rc8 19. Ba4 Nc5 20. Bc2 Re8+ 21. Kd1 Ng4 22. Re1 Nf2+ 23. Kc1 Ncxd3+ 24. Bxd3 Nxd3+ 25. Kc2 Nxe1+ 26. Nxe1 Bxc4 27. Nc3 Bxh2 28. Nf3 Bc7 29. Rh1 f6 30. Rh4 Bf7 31. Rd4 Bb6 32. Rd7 Re7 33. Rd6 Bg6+ 34. Kd1 Kf7 35. Nd5 Rb7 36. Nf4 Rd8 37. Rxd8 Bxd8 38. Bc3 Rd7+ 39. Ke1 Bh7 40. Ke2 g5 41. Nh3 g4 42. Nf2 gxf3+ 43. gxf3 Bb6 44. Ng4 Bd3+ 45. Ke1 Kg6 46. Bxf6 Rd6 47. Bc3 Re6+ 48. Kd2 Bf5 49. Ne5+ Kg5 50. Kd1 Kf4 51. Nf7 h5 52. a3 Bg6 53. Bd2+ Be3 0-1

[Event "Ambes op 2nd"]
[Site "Ambes"]
[Date "2009.04.12"]
[Round "2"]
[White "Dubertrand, Bernard"]
[Black "Banana, Adnane"]
[Result "1/2-1/2"]
[WhiteElo "1651"]
[BlackElo "1755"]
[PlyCount "127"]
[EventDate "2009.04.11"]
[EventType "swiss"]
[EventRounds "9"]
[EventCountry "FRA"]
[SourceTitle "EXT 2012"]
[Source "ChessBase"]
[SourceDate "2011.11.24"]
[SourceVersion "1"]
[SourceVersionDate "2011.11.24"]
[SourceQuality "1"]

1. e4 c5 2. f4 b6 3. Bc4 e6 4. Nf3 Bb7 5. Nc3 Nf6 6. d3 Be7 7. 0-0 0-0 8. a3 d5 9. exd5 exd5 10. Ba2 Nc6 11. Ng5 Nd4 12. Ne2 Nf5 13. Qe1 h6 14. Nh3 d4 15. Ng3 Nh4 16. Ne4 Nf5 17. Rf2 Nd5 18. Re2 Qc7 19. Bxd5 Bxd5 20. Ng3 Bh4 21. Re5 Qd7 22. Bd2 Nxg3 23. hxg3 Bf6 24. Re2 Rae8 25. Rxe8 Rxe8 26. Qf1 Qc6 27. Kh2 c4 28. dxc4 Bxc4 29. Qg1 Re2 30. Be1 Rxc2 31. Bf2 d3 32. Be3 Bd5 33. Nf2 Bxb2 34. Rd1 Bxa3 35. Rd2 Rxd2 36. Bxd2 Bc5 37. Qf1 Bxf2 38. Qxf2 Qc5 39. Qe1 Be6 40. Qe4 Qh5+ 41. Kg1 Qd1+ 42. Qe1 Qxe1+ 43. Bxe1 Bc4 44. Kf2 a5 45. Ke3 a4 46. Bb4 b5 47. g4 f5 48. gxf5 Kf7 49. g4 g6 50. fxg6+ Kxg6 51. Be7 Kf7 52. Bb4 Kg6 53. Be7 h5 54. gxh5+ Kxh5 55. Bd6 Kg6 56. Bb4 Kf5 57. Bd6 d2 58. Kxd2 Ke4 59. Kc3 Be6 60. Kb4 Bd7 61. Ka3 Kd3 62. Kb4 Kc2 63. Ka3 Kc3 64. Be5+ 1/2-1/2

[Event "Pau op"]
[Site "Pau"]
[Date "2009.02.27"]
[Round "8"]
[White "Birebent, Guy"]
[Black "Dubertrand, Bernard"]
[Result "1-0"]
[WhiteElo "1763"]
[BlackElo "1681"]
[PlyCount "109"]
[EventDate "2009.02.24"]
[EventType "swiss"]
[EventRounds "9"]
[EventCountry "FRA"]
[SourceTitle "CBM 129 Extra"]
[Source "ChessBase"]
[SourceDate "2009.05.05"]
[SourceVersion "2"]
[SourceVersionDate "2009.05.20"]
[SourceQuality "1"]

1. f4 d5 2. Nf3 Nc6 3. e3 Bf5 4. Be2 Nf6 5. c3 Qd6 6. d4 h6 7. Nbd2 Ne4 8. Nxe4 Bxe4 9. Bd3 f5 10. 0-0 Qf6 11. b4 Nd8 12. Ne5 g6 13. Be2 h5 14. Bd2 Bg7 15. b5 Qd6 16. a4 0-0 17. Nf3 Bf6 18. c4 dxc4 19. Bxc4+ Kg7 20. Qb3 c6 21. Bb4 Qc7 22. Rac1 Rh8 23. h4 Bxf3 24. Rxf3 Bxh4 25. d5 cxd5 26. Bc3+ Bf6 27. Bxd5 Qd6 28. Bb4 Qd7 29. Rf2 Rc8 30. Rxc8 Qxc8 31. Rc2 Qd7 32. Bf3 b6 33. Qc4 Ne6 34. a5 g5 35. Rd2 Qc8 36. Bc6 Rd8 37. g3 Rxd2 38. Bxd2 gxf4 39. gxf4 Qd8 40. Qc2 Kg6 41. axb6 Qxb6 42. Be8+ Kg7 43. Qxf5 Nd8 44. Bxh5 Bb2 45. Qg5+ Kf8 46. Qf5+ Kg7 47. Qd7 Kf8 48. Qe8+ Kg7 49. Qxe7+ Kh6 50. Qg5+ Kh7 51. Bf3 Bg7 52. Be4+ Kg8 53. Kf2 Qd6 54. Bc3 Qf8 55. Bxg7 1-0

[Event "FRA-ch op-C"]
[Site "Pau"]
[Date "2008.08.14"]
[Round "3"]
[White "Dubertrand, Bernard"]
[Black "Robion, Jean Claude"]
[Result "0-1"]
[WhiteElo "1721"]
[BlackElo "1773"]
[PlyCount "50"]
[EventDate "2008.08.11"]
[EventType "swiss"]
[EventRounds "9"]
[EventCountry "FRA"]
[SourceTitle "CBM 126 Extra"]
[Source "ChessBase"]
[SourceDate "2008.11.05"]
[SourceVersion "1"]
[SourceVersionDate "2008.11.05"]
[SourceQuality "1"]

1. e4 e5 2. Nf3 Nc6 3. Bc4 Nf6 4. Ng5 d5 5. exd5 Nd4 6. c3 b5 7. cxd4 bxc4 8. dxe5 Nxd5 9. Qa4+ Bd7 10. Qxc4 Qxg5 11. Qxd5 Rd8 12. 0-0 Qg6 13. Qf3 h5 14. Nc3 Bg4 15. Qe4 Bf5 16. Qf4 Rd3 17. Re1 Bc5 18. Ne4 Bb6 19. Ng5 h4 20. Nf3 Bh3 21. Qg5 Bxf2+ 22. Kxf2 Rxf3+ 23. Kxf3 Qxg5 24. gxh3 Qf5+ 25. Kg2 Rh6 0-1

[Event "Mont de Marsan-ch"]
[Site "Mont de Marsan"]
[Date "2008.??.??"]
[Round "?"]
[White "Dubertrand, Bernard"]
[Black "Albareil, Raymond"]
[Result "1-0"]
[WhiteElo "1721"]
[BlackElo "1630"]
[PlyCount "105"]
[EventDate "2008.??.??"]
[EventType "tourn"]
[EventRounds "9"]
[EventCountry "FRA"]
[SourceTitle "EXT 2010"]
[Source "ChessBase"]
[SourceDate "2010.11.25"]
[SourceVersion "1"]
[SourceVersionDate "2010.11.25"]
[SourceQuality "1"]

1. e4 c5 2. Bc4 e6 3. f4 Nc6 4. Nf3 d5 5. exd5 exd5 6. Qe2+ Be7 7. Bb5 Nf6 8. 0-0 0-0 9. c3 Re8 10. Ne5 Bd7 11. Nxd7 Qxd7 12. d3 c4 13. Kh1 a6 14. Ba4 b5 15. Bc2 Rad8 16. Nd2 d4 17. Qf3 dxc3 18. bxc3 cxd3 19. Bb3 b4 20. Bb2 bxc3 21. Bxc3 Bb4 22. Rac1 Bxc3 23. Rxc3 Nb4 24. a3 Nc2 25. Bxc2 dxc2 26. Rxc2 Qd3 27. Rfc1 Qxf3 28. Nxf3 Rd3 29. a4 Kf8 30. Rc6 Re6 31. Kg1 Rd1+ 32. Rxd1 Rxc6 33. Rd4 Ng4 34. g3 Rc1+ 35. Kg2 Rc2+ 36. Kh3 f5 37. Nd2 Ra2 38. Kg2 Ne3+ 39. Kf3 Ng4 40. h3 Ra3+ 41. Kg2 Ne3+ 42. Kh2 Ra2 43. Kg1 Ra1+ 44. Kf2 Nd1+ 45. Ke2 Nc3+ 46. Kd3 Nxa4 47. Kc2 Nc5 48. Rd5 Ne6 49. Rxf5+ Ke7 50. Re5 Kf6 51. Ne4+ Kf7 52. h4 Re1 53. Nd6+ 1-0

[Event "Mont de Marsan-ch"]
[Site "Mont de Marsan"]
[Date "2008.??.??"]
[Round "?"]
[White "Dubertrand, Bernard"]
[Black "Lutz, Andre"]
[Result "1-0"]
[WhiteElo "1721"]
[BlackElo "1300"]
[PlyCount "35"]
[EventDate "2008.??.??"]
[EventType "tourn"]
[EventRounds "9"]
[EventCountry "FRA"]
[SourceTitle "EXT 2010"]
[Source "ChessBase"]
[SourceDate "2010.11.25"]
[SourceVersion "1"]
[SourceVersionDate "2010.11.25"]
[SourceQuality "1"]

1. e4 e5 2. Nf3 Nc6 3. Bc4 h6 4. b3 Be7 5. Bb2 d6 6. Bb5 Bd7 7. d4 Bg4 8. dxe5 Kf8 9. Bxc6 bxc6 10. Qd3 f6 11. exf6 gxf6 12. Nbd2 Bxf3 13. Nxf3 Qe8 14. Nd4 Qd7 15. Qc4 c5 16. Ne6+ Ke8 17. Rd1 Rh7 18. Nxc5 1-0

[Event "Mont de Marsan-ch"]
[Site "Mont de Marsan"]
[Date "2008.??.??"]
[Round "?"]
[White "Dubos, Patricia"]
[Black "Dubertrand, Bernard"]
[Result "1-0"]
[WhiteElo "1440"]
[BlackElo "1721"]
[PlyCount "89"]
[EventDate "2008.??.??"]
[EventType "tourn"]
[EventRounds "9"]
[EventCountry "FRA"]
[SourceTitle "EXT 2010"]
[Source "ChessBase"]
[SourceDate "2010.11.25"]
[SourceVersion "1"]
[SourceVersionDate "2010.11.25"]
[SourceQuality "1"]

1. e4 e5 2. Nf3 Nf6 3. Nc3 Nc6 4. Bc4 Bc5 5. 0-0 0-0 6. d3 a6 7. a3 b5 8. Ba2 d6 9. Bg5 Bg4 10. Bd5 Bxf3 11. Qxf3 Nd4 12. Qd1 c6 13. Ba2 Ra7 14. b4 Bb6 15. a4 h6 16. Bd2 Qe8 17. a5 Bd8 18. Be3 Rd7 19. f4 Kh8 20. f5 c5 21. Bxd4 exd4 22. Ne2 Qe5 23. Qd2 Ng4 24. g3 h5 25. Rf4 Bg5 26. Raf1 Kh7 27. R1f3 Rh8 28. h3 Ne3 29. h4 Bh6 30. Qe1 Nxc2 31. Qf2 Ne3 32. f6 g5 33. Rf5 Nxf5 34. Rxf5 Qe8 35. hxg5 Bf8 36. Nf4 Rc7 37. Nxh5 c4 38. Qxd4 Kg8 39. Nf4 cxd3 40. g6 Rc1+ 41. Kf2 Rh2+ 42. Ke3 Qc6 43. Bxf7+ Kh8 44. g7+ Kh7 45. g8Q+ 1-0

[Event "Creon op 12th"]
[Site "Creon"]
[Date "2007.07.31"]
[Round "3"]
[White "L'Hospital, Philippe"]
[Black "Dubertrand, Bernard"]
[Result "1-0"]
[WhiteElo "1912"]
[BlackElo "1730"]
[PlyCount "43"]
[EventDate "2007.07.30"]
[EventType "swiss"]
[EventRounds "9"]
[EventCountry "FRA"]
[SourceTitle "CBM 119 Extra"]
[Source "ChessBase"]
[SourceDate "2007.09.04"]
[SourceVersion "1"]
[SourceVersionDate "2007.09.04"]
[SourceQuality "1"]

1. e4 e5 2. d4 exd4 3. Qxd4 Nc6 4. Qe3 b6 5. Nc3 Ne5 6. f4 Bc5 7. Qg3 Ng6 8. Nf3 Kf8 9. Bd2 Bb7 10. 0-0-0 Nf6 11. e5 Ne4 12. Nxe4 Bxe4 13. Ng5 Bd5 14. Kb1 Kg8 15. Bc3 Be6 16. h4 Ne7 17. Nxe6 fxe6 18. Bc4 Nf5 19. Qd3 Qe7 20. Qxf5 Rf8 21. Qg4 g6 22. Rxd7 1-0

[Event "Ambes op 1st"]
[Site "Ambes"]
[Date "2007.04.09"]
[Round "3"]
[White "Dubertrand, Bernard"]
[Black "Audinette, Floriant"]
[Result "1-0"]
[WhiteElo "1706"]
[BlackElo "1380"]
[PlyCount "63"]
[EventDate "2007.04.07"]
[EventType "swiss"]
[EventRounds "11"]
[EventCountry "FRA"]
[SourceTitle "CBM 117 Extra"]
[Source "ChessBase"]
[SourceDate "2007.05.09"]
[SourceVersion "1"]
[SourceVersionDate "2007.05.09"]
[SourceQuality "1"]

1. e4 d6 2. Bc4 Nf6 3. d3 g6 4. Nf3 Bg7 5. 0-0 0-0 6. Re1 Re8 7. Ng5 e6 8. Qf3 h6 9. Nh3 c5 10. Nc3 Nc6 11. Qd1 e5 12. Kh1 Bxh3 13. gxh3 a6 14. a3 b5 15. Ba2 Nd4 16. Rg1 Kf8 17. Be3 Rb8 18. Qc1 b4 19. axb4 cxb4 20. Nd5 Nxd5 21. Bxd5 Ne2 22. Qd2 Nxg1 23. Rxg1 g5 24. h4 f6 25. Qe2 Re7 26. Qf3 Rc7 27. hxg5 hxg5 28. Rxg5 Ke8 29. Qh5+ Kf8 30. Qh7 fxg5 31. Qg8+ Ke7 32. Qf7# 1-0